| 000 | 00694nam a2200217Ia 4500 | ||
|---|---|---|---|
| 999 |
_c51256 _d51256 |
||
| 001 | 18218 | ||
| 003 | GE_BSU | ||
| 005 | 20240328172915.0 | ||
| 008 | 181216s2015||||gw |||||||||||||| ||ger|| | ||
| 020 | _a9783823368687 | ||
| 040 | _cGE_BSU | ||
| 041 | _ager | ||
| 080 | _a811.112 B-43 | ||
| 100 |
_aBendel, Larcher Sylvia _913638 |
||
| 245 |
_aLinguistische Diskursanalyse: _bEin Lehr- und Arbeitsbuch / _cBendel Larcher Sylvia |
||
| 264 |
_aMunchen : _bNarr Dr. Gunter, _c2015. |
||
| 300 |
_a256 p.; _b24 cm. |
||
| 653 | _aგერმანული გრამატიკა | ||
| 653 | _aენობრივი დისკურსის ანალიზი. | ||
| 942 |
_cBK _2udc |
||